| 000 | 00836nam a2200253 a 4500 | ||
|---|---|---|---|
| 001 | 47996 | ||
| 003 | BD-RjUL | ||
| 005 | 20211209054434.0 | ||
| 008 | 160811s2002 ii b 001 0 eng | ||
| 020 | _a8170337054 | ||
| 035 | _a(BD-RjUL)48115 | ||
| 040 |
_aDLC _cDLC _dBD-RjUL _beng |
||
| 041 | _aeng | ||
| 082 | 0 | 0 |
_a328.540765 _223 _bGOP 2002 |
| 100 | 1 |
_aGosvāmī, Bhālacandra _d1929- _9145572 |
|
| 245 | 1 | 0 |
_aParliament and administration / _cB. Goswami. |
| 260 |
_aJaipur : _bRawat Publications, _cc2002. |
||
| 300 |
_a288 p. ; _c23 cm. |
||
| 504 | _aIncludes bibliographical references (p. 285) and index. | ||
| 520 | _aOn the expected funtioning of various parliamentary committees in India. | ||
| 610 | 1 | 0 |
_aIndia. _bParliament. _bLok Sabha _9145576 |
| 650 | 0 |
_aBudget _xLaw and legislation _zIndia. _9145574 |
|
| 942 |
_2ddc _cBK |
||
| 999 |
_c47996 _d47996 |
||